| 000 | 00384nam a2200145Ia 4500 | ||
|---|---|---|---|
| 008 | 210210b1987 xxu||||| |||| 00| 0 eng d | ||
| 020 | _a81 210 0182 X | ||
| 082 | _a954.81 GEOL | ||
| 100 | _aGEORGE (Abraham). | ||
| 245 | _aLakshadweep: economy and society. | ||
| 260 |
_aNew Delhi. _bInter-India Publications., _c1987 |
||
| 300 | _a275 | ||
| 690 | _aIndian History | ||
| 906 | _a043144 | ||
| 999 |
_c92749 _d92749 |
||